Obchody prostřednictvím klávesnic

Využitie siete Internet na podnikanie. Marketingová komunikácia prostredníctvom Internetu. Integrovanie komunikácie so zákazníkmi s výrobou, distribúciou, financovaním nákupu a s popredajným servisom.

Saved in:
Bibliographic Details
Main Author: Karpecki, Lubomír
Format: Book Chapter
Language:Czech
Subjects:
Tags: Add Tag
No Tags, Be the first to tag this record!

MARC

LEADER 00000naa a2200000 4500
001 r030366
005 20230920094304.8
041 0 |a cze 
044 |a CZ 
245 1 0 |a Obchody prostřednictvím klávesnic  |c Lubomír Karpecki 
520 |a Využitie siete Internet na podnikanie. Marketingová komunikácia prostredníctvom Internetu. Integrovanie komunikácie so zákazníkmi s výrobou, distribúciou, financovaním nákupu a s popredajným servisom. 
610 2 0 |a podnikanie 
610 2 0 |a siete počítačové 
610 2 0 |a marketing 
610 2 0 |a reklama 
610 2 0 |a práca s verejnosťou 
610 2 0 |a predaj 
610 2 0 |a internet 
100 1 |a Karpecki, Lubomír